Layer or top-up? (Record no. 81057)

MARC details
000 -LEADER
fixed length control field 01162cab a22002055a 4500
001 - CONTROL NUMBER
control field L146158
008 - FIXED-LENGTH DATA ELEMENTS--GENERAL INFORMATION
fixed length control field 081212s2008 xxkad f s 000 0 eng d
035 ## - SYSTEM CONTROL NUMBER
System control number (Sirsi) u146158
041 0# - LANGUAGE CODE
Language code of text/sound track or separate title eng
100 1# - MAIN ENTRY--PERSONAL NAME
Personal name Sarheim, Sara
245 00 - TITLE STATEMENT
Title Layer or top-up?
Remainder of title why European hotel investors should include revenue management in their investment decisions
260 ## - PUBLICATION, DISTRIBUTION, ETC.
Date of publication, distribution, etc. 2008
490 #0 - SERIES STATEMENT
Series statement Journal of Retail and Leisure Property
Volume/sequential designation 7(4) 2008, 265-273(9)
520 ## - SUMMARY, ETC.
Summary, etc. Explores the relationship between the different revenue management strategies applied to limited, focused and full service hotels and the resulting variations in revenue per available room performance. Considers what can be learned from the US experience of different revenue management strategies. Concludes that the European hotel industry is changing rapidly, having become more segmented and that this means that investors have more choice where to invest.
590 ## - LOCAL NOTE (RLIN)
Local note KA
651 #4 - SUBJECT ADDED ENTRY--GEOGRAPHIC NAME
Geographic name Europe
690 ## - LOCAL SUBJECT ADDED ENTRY--TOPICAL TERM (OCLC, RLIN)
Topical term or geographic name as entry element PROPERTY-INFRASTRUCTURE-INFRASTRUCTURE FINANCE AND INVESTMENT
690 ## - LOCAL SUBJECT ADDED ENTRY--TOPICAL TERM (OCLC, RLIN)
Topical term or geographic name as entry element PROPERTY-COMMERCIAL PROPERTY-LEISURE PROPERTY-HOLIDAY AND GUEST PROPERTY-HOTEL PROPERTY-HOTELS
942 ## - ADDED ENTRY ELEMENTS (KOHA)
Suppress in OPAC 0
Holdings
Withdrawn status Lost status Source of classification or shelving scheme Damaged status Not for loan Home library Current library Shelving location Date acquired Total Checkouts Full call number Barcode Date last seen Copy number Price effective from Koha item type
    Dewey Decimal Classification     London London Journal article 12/12/2008   L146158 146158-1001 06/08/2019 1 06/08/2019 Journal article